| 000 | 00427nam a2200157 i 4500 | ||
|---|---|---|---|
| 001 | 30540 | ||
| 003 | ES-MaACL | ||
| 005 | 20230906154218.0 | ||
| 007 | t| | ||
| 008 | 030124s1961 sp ||||1| spa d | ||
| 100 | 1 |
_aBeltrán, Lucas. _927346 |
|
| 245 | 1 | 0 |
_aHistoria de las doctrinas económicas / _cLucas Beltrán. |
| 260 |
_aBarcelona : _bTeide, _c[1961] |
||
| 300 |
_a253 p. ; _c24 cm. |
||
| 852 |
_aES-MaACL _jL-142 _bR.50133 |
||
| 999 |
_c30540 _d30540 |
||